000 00869nam a22002417a 4500
001 43037
003 UA-OsUOA
005 20231115105313.0
007 ta
008 20061205b un ||||| |||| 00| 0 ukr d
020 _a9665071475
040 _aUA-OsUOA
_bukr
_cUA-OsUOA
_dUA-OsUOA
041 _aukr
080 _a82-343(477)
090 _a82-343(477)
_bМ68
245 _aМіфи України
_bза книгою Георгія Булашева "Український народ у своїх легендах, релігійних поглядах та віруваннях"
_cред. Г. П. Гуменюк ; пер. Ю. Буряка
260 _aК.
_bДовіра
_c2006
300 _a383 с.
650 7 _a82 Література. Літературознавство
_2UDC
700 1 _aГуменюк Т. П.
_eред.
942 _cBK
_2udc
955 _a3
999 _c329168
_d329168